Ethical issues in business : A philosophical approach
A carefully selected mix of case studies and theoretical articles, this bookranges from classics in philosophy, moral theory, and economics to moderncommentaries by business executives and economists on a host of ethicalissues in business. It includes coverage of relativism, employee rights,morality...
Đã lưu trong:
| Formáid: | Leabhar |
|---|---|
| Teanga: | Undetermined |
| Foilsithe: |
Englewood Cliffs, N.J.
Prentice Hall
1993
|
| Ábhair: | |
| Clibeanna: |
Cuir Clib Leis
Gan Chlibeanna, Bí ar an gcéad duine leis an taifead seo a chlibeáil!
|
| Thư viện lưu trữ: | Trung tâm Học liệu Trường Đại học Cần Thơ |
|---|
| LEADER | 00968nam a2200205Ia 4500 | ||
|---|---|---|---|
| 001 | CTU_230025 | ||
| 008 | 210402s9999 xx 000 0 und d | ||
| 082 | |a 174.4 | ||
| 082 | |b E84 | ||
| 245 | 0 | |a Ethical issues in business : | |
| 245 | 2 | |b A philosophical approach | |
| 245 | 0 | |c Edited by Thomas Donaldson | |
| 260 | |a Englewood Cliffs, N.J. | ||
| 260 | |b Prentice Hall | ||
| 260 | |c 1993 | ||
| 520 | |a A carefully selected mix of case studies and theoretical articles, this bookranges from classics in philosophy, moral theory, and economics to moderncommentaries by business executives and economists on a host of ethicalissues in business. It includes coverage of relativism, employee rights,morality and corporations, property, and profits and justice ... | ||
| 650 | |a Đạo đức kinh doanh,Business ethics | ||
| 650 | |x Trường hợp nghiên cứu,Case studies | ||
| 910 | |b dqhieu | ||
| 980 | |a Trung tâm Học liệu Trường Đại học Cần Thơ | ||